000
00235nam a2200109Ia 4500
008
190216s9999||||xx |||||||||||||| ||und||
100
_a
Madhavamenon C
245
0
_a
Kochunarthaki
260
_b
Null
650
_a
Kavithkal
942
_c
BK
999
_c
24141
_d
24141